[Event "ch-FRA Blitz Online Qual"]
[Site "Europe-Chess INT"]
[Date "2020.05.16"]
[Round "10"]
[White "Dumas, Charles"]
[Black "Cavailles, Evan"]
[Result "1-0"]
[WhiteElo "2284"]
[BlackElo "2018"]
[WhiteFideId "675733"]
[BlackFideId "36048445"]
[EventDate "2020.05.16"]

1. e4 c5 2. Nf3 Nc6 3. Bb5 e6 4. O-O Nge7 5. Re1 a6 6. Bf1 d5 7. d3 dxe4 8. dxe4
Qxd1 9. Rxd1 Ng6 10. a4 b6 11. Nbd2 Be7 12. Nc4 Rb8 13. Nd6+ Bxd6 14. Rxd6 Bb7
15. Be3 Nb4 16. Rxb6 Nxc2 17. Rc1 Nxe3 18. Bxa6 O-O 19. Bxb7 Ng4 20. a5 Ne7 21.
h3 Nf6 22. a6 Nc8 23. Rb3 Nxe4 24. Ra3 Ned6 25. Bc6 Na7 26. Rxc5 Nxc6 27. Rxc6
Nb5 28. Ra5 Na7 29. Rc7 Nb5 30. Re7 Nd6 31. a7 Ra8 32. Rc7 Ne4 33. b4 Nf6 34. b5
Nd5 35. Rb7 Rfc8 36. b6 Kf8 37. Ne5 Ke8 38. Nxf7 Rc1+ 39. Kh2 Rcc8 40. Nd6+ Kd8
41. Nf7+ Ke8 42. Nd6+ Kd8 43. Nxc8 Kxc8 44. Rxg7 Nxb6 45. Rxh7 1-0

[Event "ch-FRA Blitz Online Qual"]
[Site "Europe-Chess INT"]
[Date "2020.05.16"]
[Round "10"]
[White "Robert, Mathias"]
[Black "Dijoux, Julien"]
[Result "1-0"]
[WhiteElo "2140"]
[BlackElo "1862"]
[WhiteFideId "26066769"]
[BlackFideId "666483"]
[EventDate "2020.05.16"]

1. Nf3 Nf6 2. Nc3 d5 3. d4 e6 4. Bg5 Be7 5. e3 h6 6. Bh4 a6 7. Bd3 Nbd7 8. O-O
O-O 9. Ne5 c5 10. f4 c4 11. Be2 Ne8 12. Bxe7 Qxe7 13. Qe1 Nd6 14. Qg3 Nf6 15.
Bf3 Nf5 16. Qf2 Nd7 17. g4 Nh4 18. Bh1 Ng6 19. Nxg6 fxg6 20. Qg3 b5 21. Rae1 b4
22. Nxd5 Qd6 23. f5 Qxg3+ 24. hxg3 gxf5 25. gxf5 exd5 26. Bxd5+ Kh7 27. Bxa8 Nb6
28. Be4 Re8 29. Bg2 1-0

[Event "ch-FRA Blitz Online Qual"]
[Site "Europe-Chess INT"]
[Date "2020.05.16"]
[Round "10"]
[White "Pichon, Ewen"]
[Black "Djidjeli, Sofiane"]
[Result "0-1"]
[WhiteElo "1821"]
[BlackElo "2209"]
[WhiteFideId "45155593"]
[BlackFideId "36067520"]
[EventDate "2020.05.16"]

1. d4 d5 2. c4 c6 3. Nf3 Nf6 4. Nc3 dxc4 5. a4 Bf5 6. e3 e6 7. Bxc4 Bb4 8. O-O
O-O 9. Qe2 Nbd7 10. e4 Bg6 11. Bd3 Bh5 12. Bg5 Be7 13. Bd2 e5 14. d5 Nc5 15. Bc4
cxd5 16. Bxd5 Nxd5 17. Nxd5 Ne6 18. Bc3 Nf4 19. Nxf4 exf4 20. Rfd1 Qb6 21. a5
Qc6 22. Rd2 Rfe8 23. Rad1 Bc5 24. Rd5 b6 25. Rxh5 Rxe4 26. Qd2 Rae8 27. Re5
R4xe5 28. Nxe5 Qe6 29. Qd5 Qxd5 30. Rxd5 f6 31. Nf3 Re2 32. Bd4 Rc2 33. Bxc5
Rc1+ 0-1

[Event "ch-FRA Blitz Online Qual"]
[Site "Europe-Chess INT"]
[Date "2020.05.16"]
[Round "10"]
[White "Nicolas, Guillaume"]
[Black "Bernard, Mathis"]
[Result "1-0"]
[WhiteElo "2143"]
[BlackElo "1880"]
[WhiteFideId "20646607"]
[BlackFideId "36075205"]
[EventDate "2020.05.16"]

1. e4 c5 2. Nf3 d6 3. d4 cxd4 4. Nxd4 Nf6 5. f3 Nc6 6. c4 Qb6 7. Nc2 g6 8. Nc3
Bg7 9. Rb1 a5 10. Be3 Qd8 11. b3 O-O 12. Qd2 Re8 13. Be2 Be6 14. O-O Nd7 15. Nd5
Nc5 16. Bf2 Bxd5 17. exd5 Nb4 18. Nd4 e5 19. dxe6 Nxe6 20. Nxe6 fxe6 21. f4 d5
22. a3 Nc6 23. Rfd1 d4 24. Bf3 Qc7 25. Bxc6 Qxc6 26. Bxd4 Rad8 27. Qc3 Bxd4+ 28.
Rxd4 Rxd4 29. Qxd4 Re7 30. Rd1 Rf7 31. Qd8+ Kg7 32. Qd4+ Kg8 33. b4 axb4 34.
axb4 b6 35. c5 bxc5 36. bxc5 Qc7 37. g3 Qc6 38. Qd8+ Kg7 39. Qd4+ Kg8 40. Rb1
Rf8 41. Rb6 Qd5 42. Qxd5 exd5 43. Rd6 Rc8 44. Rxd5 Kf7 45. Kf2 Ke6 46. Re5+ Kf6
47. Kf3 Rc6 48. Ke4 h6 49. Kd5 Ra6 50. c6 Ra1 51. c7 Rc1 52. Kd6 Rd1+ 53. Rd5
Rc1 54. Rc5 Rd1+ 55. Kc6 1-0

[Event "ch-FRA Blitz Online Qual"]
[Site "Europe-Chess INT"]
[Date "2020.05.16"]
[Round "10"]
[White "Lambert, Adrien"]
[Black "Fischler, Oscar"]
[Result "0-1"]
[WhiteElo "2123"]
[BlackElo "1864"]
[WhiteFideId "624772"]
[BlackFideId "45190186"]
[EventDate "2020.05.16"]

1. e4 g6 2. d4 Bg7 3. Nf3 d6 4. h3 c6 5. Bd3 b5 6. a4 b4 7. c3 a5 8. O-O Nf6 9.
cxb4 axb4 10. Bd2 c5 11. Bc4 O-O 12. Re1 Bb7 13. e5 dxe5 14. dxe5 Ne4 15. e6 f5
16. Qc1 Nxd2 17. Nbxd2 Nc6 18. Nf1 Na5 19. Ne3 Bxf3 20. gxf3 Nxc4 21. Qxc4 Bxb2
22. Ra2 Bd4 23. Rd1 Qb6 24. Nd5 Qxe6 25. Re2 Qd6 26. Rxe7 Kh8 27. Rxd4 Rxa4 28.
Rh4 h5 29. Qb3 Ra3 30. Qb2+ Rc3 31. Re3 Qxd5 32. Rxc3 bxc3 33. Qxc3+ Kg8 34. Qc4
Qxc4 35. Rxc4 Rc8 36. h4 Kf7 37. Kf1 Ke6 38. Ke2 Kd5 39. Kd3 Ra8 40. Rc2 Ra3+
41. Ke2 c4 42. Rb2 Rb3 43. Ra2 Kd4 44. Ra8 Rb2+ 45. Ke1 Kd3 46. Rd8+ Kc2 47. Rg8
Rb6 48. Rc8 Re6+ 49. Kf1 c3 50. Rc4 Kd2 51. Rc7 c2 0-1

[Event "ch-FRA Blitz Online Qual"]
[Site "Europe-Chess INT"]
[Date "2020.05.16"]
[Round "10"]
[White "Richard, Emma"]
[Black "Laville, Renaud"]
[Result "1-0"]
[WhiteTitle "WFM"]
[WhiteElo "2160"]
[BlackElo "1774"]
[WhiteFideId "657590"]
[BlackFideId "640247"]
[EventDate "2020.05.16"]

1. e4 c5 2. Nf3 Nc6 3. Bb5 g6 4. O-O Bg7 5. c3 Nf6 6. Re1 d6 7. h3 O-O 8. d4
cxd4 9. cxd4 a6 10. Bf1 e5 11. d5 Nb8 12. Nc3 Nbd7 13. Bg5 b5 14. Qd2 Bb7 15.
Rac1 Rc8 16. a3 Qb6 17. Be3 Qd8 18. Nh2 Nc5 19. Bg5 Nb3 20. Qd1 Nxc1 21. Qxc1
Qc7 22. Qd2 Rfe8 23. Qe3 Qc5 24. Qf3 Nd7 25. Ng4 Rf8 26. Be3 Qc7 27. Bh6 Qd8 28.
Bxg7 Kxg7 29. Qe3 f5 30. exf5 gxf5 31. Qh6+ Kh8 32. Nh2 Qf6 33. Qd2 e4 34. Be2
Ne5 35. Nf1 Nc4 36. Qc1 Nxb2 37. Qxb2 Qxc3 38. Qb1 Bxd5 39. Ne3 Be6 40. Bh5 d5
41. g3 d4 42. Ng2 Qc2 43. Qa1 Rc3 44. Nf4 Bc4 45. Ne2 Bxe2 46. Bxe2 d3 47. Bd1
Qd2 48. Rf1 Rc8 49. Bh5 Kg8 50. Kh2 Rc1 51. Qf6 Rxf1 52. Bf7+ Kf8 53. Bg6+ Kg8
54. Qf7+ Kh8 55. Qxh7# 1-0

[Event "ch-FRA Blitz Online Qual"]
[Site "Europe-Chess INT"]
[Date "2020.05.16"]
[Round "10"]
[White "Villeneuve, Samuel"]
[Black "Rodriguez Rodriguez, Antonio"]
[Result "1/2-1/2"]
[BlackTitle "FM"]
[WhiteElo "1807"]
[BlackElo "2112"]
[WhiteFideId "20642105"]
[BlackFideId "2219255"]
[EventDate "2020.05.16"]

1. d4 Nf6 2. Nc3 d6 3. e4 Nc6 4. Bc4 a6 5. a4 e6 6. Nge2 Be7 7. f4 d5 8. exd5
exd5 9. Bd3 Bg4 10. h3 Bxe2 11. Nxe2 Nb4 12. O-O Nxd3 13. Qxd3 O-O 14. Ng3 Re8
15. f5 Bd6 16. Bf4 c6 17. c3 Ne4 18. Nxe4 Rxe4 19. Bxd6 Qxd6 20. f6 gxf6 21. Qf3
Rae8 22. Qxf6 Qxf6 23. Rxf6 Re2 24. Rf2 Kg7 25. Raf1 R8e7 26. Kh2 b5 27. axb5
axb5 28. Kg3 R2e3+ 29. Rf3 R3e6 30. R1f2 Ra7 31. b4 f6 32. Kh4 Ra1 33. g4 h6 34.
Kg3 Rg1+ 35. Rg2 Rge1 36. Rgf2 Kg6 37. h4 Rg1+ 38. Rg2 Rc1 39. Rgf2 Rce1 40. h5+
Kf7 41. Kf4 Ke7 42. Kg3 R1e4 43. Ra2 Kf7 44. Ra7+ Re7 45. Rxe7+ Kxe7 46. Rf4 Re1
47. Rf3 Ke6 48. Kf4 Re2 49. Re3+ Rxe3 50. Kxe3 Kd6 51. Kf4 Ke6 52. Kf3 Kf7 53.
Kf4 Ke6 54. Kf3 f5 55. Kf4 fxg4 56. Kxg4 Kf6 57. Kf4 Ke6 58. Kg4 Kf6 59. Kf4 1/2-1/2

[Event "ch-FRA Blitz Online Qual"]
[Site "Europe-Chess INT"]
[Date "2020.05.16"]
[Round "10"]
[White "Pottier, Simeon"]
[Black "Lissillour, Baptiste"]
[Result "0-1"]
[WhiteElo "2186"]
[BlackElo "1731"]
[WhiteFideId "26069296"]
[BlackFideId "45179620"]
[EventDate "2020.05.16"]

1. d4 Nf6 2. c4 g6 3. Nc3 Bg7 4. e4 d6 5. h3 O-O 6. Be3 e5 7. d5 a5 8. g4 Na6 9.
Nge2 Nd7 10. Ng3 Bf6 11. Qd2 Nac5 12. g5 Bg7 13. h4 f5 14. gxf6 Nxf6 15. Be2 b6
16. O-O-O Ng4 17. Bg5 Bf6 18. Rdf1 Bxg5 19. hxg5 Nxf2 20. Rh4 Nh3 21. Rxf8+ Qxf8
22. Bf1 Nf4 23. Qh2 Qf7 24. Nge2 Nfd3+ 25. Kb1 Qxf1+ 26. Kc2 Qf7 27. Nb5 Bd7 28.
Nxc7 Ba4+ 29. b3 Qxc7 30. bxa4 Nb4+ 31. Kc3 Nxa4+ 32. Kb3 Nc5+ 33. Kc3 Qf7 34.
Rh3 Nxe4+ 35. Kb2 Nc5 36. Qg2 Ncd3+ 37. Kc3 Nf4 38. Nxf4 Qxf4 39. Rf3 Qd4+ 40.
Kb3 Rf8 41. Qh3 Rxf3+ 42. Qxf3 Qd3+ 43. Qxd3 Nxd3 44. c5 Nxc5+ 45. Kc4 e4 46.
Kb5 e3 47. Kc4 e2 0-1

[Event "ch-FRA Blitz Online Qual"]
[Site "Europe-Chess INT"]
[Date "2020.05.16"]
[Round "10"]
[White "Cadieu, Corentin"]
[Black "Kollar, Romain"]
[Result "0-1"]
[WhiteElo "1524"]
[BlackElo "2205"]
[WhiteFideId "26023180"]
[BlackFideId "36017981"]
[EventDate "2020.05.16"]

1. d4 Nf6 2. Nf3 g6 3. Bf4 Bg7 4. e3 O-O 5. c3 d6 6. Be2 b6 7. O-O Bb7 8. Nbd2
Nbd7 9. Qc2 Qe8 10. e4 e5 11. dxe5 dxe5 12. Bg3 Nh5 13. Rfd1 Nxg3 14. hxg3 Rd8
15. Nc4 h6 16. Rd2 f5 17. exf5 gxf5 18. Rad1 e4 19. Nh4 Qf7 20. Ne3 f4 21. Bc4
fxe3 22. Bxf7+ Rxf7 23. fxe3 Be5 24. Qb3 Kg7 25. Qe6 Bd6 26. Nf5+ Kf8 27. Nxh6
Rf6 28. Qg8+ Ke7 29. Qg7+ Ke6 30. Ng4 Rf7 31. Qg6+ Ke7 32. Rf2 Rxf2 33. Nxf2 Ne5
34. Nxe4 Nxg6 35. Nxd6 Rxd6 36. Rf1 Rd2 37. Rb1 Rxg2+ 38. Kf1 Rh2 39. Kg1 Rh1+ 0-1

[Event "ch-FRA Blitz Online Qual"]
[Site "Europe-Chess INT"]
[Date "2020.05.16"]
[Round "10"]
[White "Ciccoli, Theo"]
[Black "Laignel, Quentin"]
[Result "1-0"]
[WhiteElo "2178"]
[BlackElo "1420"]
[WhiteFideId "26053780"]
[BlackFideId "45169128"]
[EventDate "2020.05.16"]

1. d4 d5 2. Bf4 Bf5 3. e3 e6 4. c4 Bxb1 5. Qa4+ Qd7 6. Qxd7+ Nxd7 7. Rxb1 Bb4+
8. Kd1 c6 9. Nf3 Ngf6 10. Bd3 dxc4 11. Bxc4 Ne4 12. Ke2 O-O 13. Bd3 Nef6 14. a3
Be7 15. Rhc1 Nd5 16. Bg3 c5 17. e4 N5f6 18. e5 Nd5 19. Be4 cxd4 20. Bxd5 exd5
21. Rc7 Rfd8 22. Rxb7 Bc5 23. Rc1 Bb6 24. b4 Nf8 25. a4 Rab8 26. Rxb8 Rxb8 27.
Kd3 Ne6 28. Rc6 Bd8 29. Nxd4 Nxd4 30. Kxd4 Rxb4+ 31. Kxd5 Rb1 32. Rc8 Rd1+ 33.
Ke4 Kf8 34. Bh4 Ke8 35. Rxd8+ Rxd8 36. Bxd8 Kxd8 37. Kd5 Kd7 38. f4 h6 39. g4 g6
40. f5 gxf5 41. gxf5 h5 42. e6+ fxe6+ 43. fxe6+ Ke7 44. Ke5 h4 45. h3 a5 46. Kf5
Ke8 47. Kg5 Ke7 48. Kxh4 Kxe6 49. Kg5 Kf7 50. Kf5 Kg7 51. Ke5 Kh6 52. Kd5 Kh5
53. Kc5 Kh4 54. Kb5 Kxh3 55. Kxa5 Kg4 56. Kb6 Kf5 57. Kb7 Ke6 58. a5 Kd7 59. a6 1-0

[Event "ch-FRA Blitz Online Qual"]
[Site "Europe-Chess INT"]
[Date "2020.05.16"]
[Round "10"]
[White "Martin, Nils"]
[Black "Mekhane, Adam"]
[Result "0-1"]
[WhiteElo "1639"]
[BlackElo "2013"]
[WhiteFideId "45160473"]
[BlackFideId "36050601"]
[EventDate "2020.05.16"]

1. e4 c5 2. Nf3 Nc6 3. Bb5 g6 4. c3 Bg7 5. d4 Nf6 6. Nbd2 cxd4 7. cxd4 Qb6 8.
Bxc6 bxc6 9. O-O O-O 10. Re1 d5 11. e5 Ne8 12. Nb3 Nc7 13. Bf4 Ne6 14. Be3 a5
15. Rc1 a4 16. Nc5 Nxc5 17. Rxc5 Qxb2 18. Rc3 Qxc3 19. Re2 Bg4 20. Rc2 Qa5 21.
Rxc6 Rfc8 22. Qc2 Rxc6 23. Qxc6 Bxf3 24. gxf3 h6 25. Kg2 a3 26. Bd2 Qd8 27. Bb4
e6 28. Bd6 Rc8 29. Qa4 Qg5+ 30. Kh3 Rc3 31. Qd1 Qf5+ 32. Kg3 h5 33. h4 Bh6 34.
Qh1 Qf4+ 35. Kh3 Rxf3+ 36. Kg2 Rxf2+ 0-1

[Event "ch-FRA Blitz Online Qual"]
[Site "Europe-Chess INT"]
[Date "2020.05.16"]
[Round "10"]
[White "Dore, Armand"]
[Black "Koelsch, Gilbert"]
[Result "0-1"]
[BlackTitle "CM"]
[WhiteElo "1855"]
[BlackElo "2159"]
[WhiteFideId "680508"]
[BlackFideId "612243"]
[EventDate "2020.05.16"]

1. Nf3 Nf6 2. c4 g6 3. g3 Bg7 4. Bg2 O-O 5. O-O d6 6. d4 Nc6 7. Nc3 a6 8. e4 Rb8
9. Qe2 Bg4 10. h3 Nxd4 11. Qd3 Nxf3+ 12. Bxf3 Bxf3 13. Re1 Bh5 14. g4 Nxg4 15.
hxg4 Bxg4 16. Qg3 f5 17. Bg5 h6 18. Bd2 e5 19. f3 Bh5 20. Re2 f4 21. Qh3 Qc8 22.
Qg2 c6 23. Rd1 Qe6 24. b3 Kh7 25. Be1 Bf6 26. Red2 Rbd8 27. Bf2 g5 28. Bb6 Rd7
29. c5 Be7 30. Na4 d5 31. Ba5 g4 32. exd5 cxd5 33. Nb6 gxf3 34. Qh2 Rg8+ 35. Kf1
Rg2 36. Qh1 Bg6 37. Rxg2 fxg2+ 38. Qxg2 Be4 39. Qh2 Qg4 40. Rd2 Rd8 41. Na4 Rg8
42. Nc3 Qf3+ 43. Qf2 Qh1+ 44. Ke2 f3+ 45. Ke3 Bg5# 0-1

[Event "ch-FRA Blitz Online Qual"]
[Site "Europe-Chess INT"]
[Date "2020.05.16"]
[Round "10"]
[White "Daurelle, Herve"]
[Black "Leccia, Antoine"]
[Result "1-0"]
[WhiteTitle "FM"]
[WhiteElo "2205"]
[BlackElo "1950"]
[WhiteFideId "602655"]
[BlackFideId "36087262"]
[EventDate "2020.05.16"]

1. e4 e6 2. d4 d5 3. Nd2 Nc6 4. Ngf3 Nf6 5. e5 Nd7 6. Nb3 f6 7. Bb5 Be7 8. h4
O-O 9. Bxc6 bxc6 10. h5 Ba6 11. h6 g6 12. Bf4 c5 13. c3 cxd4 14. Nbxd4 Kf7 15.
Nxe6 Kxe6 16. Nd4+ Kf7 17. Nc6 Qe8 18. Qxd5# 1-0

[Event "ch-FRA Blitz Online Qual"]
[Site "Europe-Chess INT"]
[Date "2020.05.16"]
[Round "10"]
[White "Le Bas, Alexis"]
[Black "Chabradze, Boris"]
[Result "0-1"]
[WhiteElo "1889"]
[BlackElo "2101"]
[WhiteFideId "651087"]
[BlackFideId "13603019"]
[EventDate "2020.05.16"]

1. c4 Nf6 2. g3 d6 3. Bg2 g6 4. Nc3 Bg7 5. d4 O-O 6. Nf3 Nc6 7. O-O Bf5 8. Qb3
b6 9. Qa4 Bd7 10. Qd1 Rb8 11. Bg5 h6 12. Bxf6 Bxf6 13. e3 e5 14. d5 Na5 15. Nd2
Bg7 16. b4 Nb7 17. Qc2 a5 18. Qd1 axb4 19. Nb5 Nc5 20. e4 f5 21. exf5 gxf5 22.
Rb1 Nd3 23. Qc2 e4 24. Nb3 Ra8 25. N3d4 Bxd4 26. Nxd4 Qf6 27. Ne2 Ra3 28. Rfd1
Rfa8 29. Ra1 b3 30. Qd2 b2 31. Rab1 Rxa2 0-1

[Event "ch-FRA Blitz Online Qual"]
[Site "Europe-Chess INT"]
[Date "2020.05.16"]
[Round "10"]
[White "Afraoui, Anaelle"]
[Black "Testud, Philippe"]
[Result "0-1"]
[WhiteTitle "WFM"]
[WhiteElo "2120"]
[BlackElo "2123"]
[WhiteFideId "20654383"]
[BlackFideId "611409"]
[EventDate "2020.05.16"]

1. e4 c6 2. d4 d5 3. Nc3 dxe4 4. Nxe4 Bf5 5. Ng3 Bg6 6. Nf3 e6 7. Ne5 Nd7 8. Bf4
Ngf6 9. Qd2 Nd5 10. O-O-O Nxf4 11. Qxf4 Nxe5 12. dxe5 Qa5 13. Qd4 Be7 14. Qd7+
Kf8 15. Qxb7 Re8 16. Qb3 h5 17. Bd3 Bxd3 18. Rxd3 h4 19. Ne4 Rh5 20. f4 g5 21.
Nf6 Bxf6 22. exf6 gxf4 23. Rf3 Rb5 24. Qc4 Rd8 25. Qxf4 Qxa2 26. Qh6+ Ke8 27.
Qh8+ Kd7 28. Rd1+ Rd5 29. Rxd5+ cxd5 30. Qh7 Qa1+ 31. Kd2 Qa5+ 32. c3 Rf8 33.
Qxh4 Qb6 34. Qa4+ Kc7 35. c4 Qxb2+ 36. Ke3 Qc3+ 37. Kf4 Qd4+ 38. Kg3 Rg8+ 39.
Kh3 Qg4# 0-1

[Event "ch-FRA Blitz Online Qual"]
[Site "Europe-Chess INT"]
[Date "2020.05.16"]
[Round "10"]
[White "Carvallo, Henri"]
[Black "Quartararo, Pierre"]
[Result "1-0"]
[WhiteElo "2069"]
[BlackElo "1909"]
[WhiteFideId "619914"]
[BlackFideId "614491"]
[EventDate "2020.05.16"]

1. d4 f5 2. Bf4 e6 3. e3 Nf6 4. Nf3 Be7 5. Bd3 O-O 6. h3 d5 7. Nbd2 c6 8. c4 Bd7
9. O-O Ne4 10. Rc1 Be8 11. Ne5 Nd7 12. f3 Nd6 13. c5 Nf7 14. Nxd7 Qxd7 15. b4 g5
16. Be5 Nxe5 17. dxe5 Bg6 18. f4 Kh8 19. Nb3 Rg8 20. Nd4 Rae8 21. Kh2 Bd8 22.
Qe2 Qg7 23. Rg1 g4 24. Qf2 Qh6 25. Bf1 Bh4 26. Qd2 Bh5 27. g3 Bd8 28. h4 Bf7 29.
Qf2 Rg7 30. Rh1 Reg8 31. Kg2 Qh5 32. Be2 Be8 33. a3 Qf7 34. Bd3 h5 35. Qe2 Qc7
36. Rc3 Bf7 37. Rhc1 Be7 38. a4 Ra8 39. Qb2 Rgg8 40. Bf1 Rgb8 41. b5 Qd8 42. Be2
Kg7 43. Bd3 Qc8 44. Qc2 Bg6 45. Qb2 Qd7 46. Qe2 Qc8 47. Qf2 Qd7 48. Rb1 Qc8 49.
Qc2 Qd7 50. Rcb3 Qc8 51. bxc6 bxc6 52. Rxb8 Rxb8 53. Rxb8 Qxb8 54. Nxc6 Qe8 55.
Nxe7 Qxe7 56. c6 Qc7 57. Ba6 Be8 58. Bb7 Bd7 59. Qc5 Be8 60. Qd6 Qb6 61. Qe7+
Bf7 62. Qa3 Qxe3 63. Qxe3 Be8 64. Qc5 1-0

[Event "ch-FRA Blitz Online Qual"]
[Site "Europe-Chess INT"]
[Date "2020.05.16"]
[Round "10"]
[White "Lamorelle, Yves"]
[Black "Zachary, Bastian"]
[Result "1-0"]
[WhiteTitle "FM"]
[WhiteElo "2052"]
[BlackElo "1923"]
[WhiteFideId "601810"]
[BlackFideId "36019402"]
[EventDate "2020.05.16"]

1. e4 e5 2. Nf3 Nc6 3. Bc4 Nf6 4. d3 Be7 5. O-O O-O 6. Bb3 d6 7. c3 h6 8. Nbd2
Nh7 9. Re1 Ng5 10. h3 Kh8 11. d4 Bd7 12. dxe5 dxe5 13. Nf1 Nxf3+ 14. Qxf3 f5 15.
exf5 Bxf5 16. Qh5 Bg5 17. Bxg5 Qxg5 18. Qxg5 hxg5 19. Bd5 Rfe8 20. Ng3 Bg6 21.
Rad1 Rab8 22. Bxc6 bxc6 23. b3 a5 24. Rd7 Rb7 25. f3 Bc2 26. Re2 Bg6 27. Kf2 Kg8
28. Ne4 Bf5 29. Rdd2 Rb5 30. Nxg5 a4 31. b4 c5 32. Rd5 c6 33. Rxc5 Rxc5 34. bxc5
Kf8 35. g4 Bd3 36. Re3 Bc4 37. a3 Rb8 38. Re4 1-0

[Event "ch-FRA Blitz Online Qual"]
[Site "Europe-Chess INT"]
[Date "2020.05.16"]
[Round "10"]
[White "Sobry, Sebastien"]
[Black "Oney, Remel"]
[Result "1/2-1/2"]
[WhiteElo "2034"]
[BlackElo "1781"]
[WhiteFideId "622516"]
[BlackFideId "6310125"]
[EventDate "2020.05.16"]

1. e4 Nf6 2. Nc3 d5 3. e5 Nfd7 4. d4 e6 5. f4 c5 6. dxc5 Bxc5 7. Nf3 Nc6 8. a3
a6 9. Qd3 b5 10. Be3 b4 11. Na4 Bxe3 12. Qxe3 bxa3 13. Rxa3 O-O 14. Bd3 a5 15.
O-O Ba6 16. Bxa6 Rxa6 17. Nd4 Nxd4 18. Qxd4 Rc6 19. Qd2 Qa8 20. Rfa1 Qa7+ 21.
Kh1 Nb6 22. Nxb6 Qxb6 23. Rb3 Qc5 24. Rc3 Qb4 25. h3 g6 26. Qe1 Rxc3 27. bxc3
Qc5 28. c4 dxc4 29. Rxa5 Qd4 30. Qf1 Rd8 31. Ra4 Rc8 32. Qf3 Qd5 33. Qc3 Qe4 34.
Qd2 c3 35. Rxe4 cxd2 36. Rd4 d1=Q+ 37. Rxd1 Rxc2 38. Kh2 Kg7 39. Rd7 Rf2 40. Kg3
Rb2 41. Ra7 Rb3+ 42. Kh2 h5 43. g3 Rb2+ 44. Kg1 Rb3 45. Kg2 Rb2+ 46. Kg1 Rb3 47.
Kg2 Rb2+ 48. Kg1 1/2-1/2

[Event "ch-FRA Blitz Online Qual"]
[Site "Europe-Chess INT"]
[Date "2020.05.16"]
[Round "10"]
[White "Vine, Guillaume"]
[Black "Kuhn, Clement"]
[Result "0-1"]
[BlackTitle "CM"]
[WhiteElo "1824"]
[BlackElo "2150"]
[WhiteFideId "20654219"]
[BlackFideId "36099775"]
[EventDate "2020.05.16"]

1. d4 Nf6 2. c4 g6 3. Nc3 Bg7 4. e4 d6 5. Nf3 O-O 6. Be2 Nbd7 7. O-O e5 8. dxe5
dxe5 9. Bg5 c6 10. Qc2 Qe7 11. Rad1 h6 12. Bh4 a5 13. b3 Nc5 14. a3 g5 15. Bg3
Nh5 16. b4 axb4 17. axb4 Nxg3 18. hxg3 Ne6 19. Na4 Qxb4 20. Ra1 g4 21. Rfb1 Qa5
22. Nd2 Nd4 23. Qd3 Qc7 24. Nb3 Nxb3 25. Qxb3 Qe7 26. c5 Kh8 27. Qc3 f5 28. Nb6
Rxa1 29. Rxa1 Be6 30. Rd1 f4 31. Bc4 Qxc5 32. Nd7 Bxd7 33. Rxd7 fxg3 34. Qxg3
Qxc4 35. Qxg4 Qc1+ 36. Kh2 Qf4+ 37. Qxf4 Rxf4 38. Rxb7 Rxe4 39. Rc7 Rc4 40. Kg3
Rc2 41. Kf3 c5 42. Ke3 c4 43. g3 e4 44. Kxe4 c3 45. Kf5 Rxf2+ 46. Kg6 c2 47.
Rc8+ Rf8 48. Rxc2 Rf6+ 49. Kh5 Ra6 50. Rc8+ Kh7 51. Rc7 Ra5+ 52. Kh4 Kg6 53. Kg4
h5+ 54. Kh3 Be5 55. Rc8 Ra3 56. Rg8+ Kh6 57. Kg2 Ra6 58. g4 h4 59. Kh3 Bg3 60.
g5+ Kh7 61. Rc8 Kg6 62. Rc5 Ra4 63. Rb5 Bc7 64. Rc5 Bg3 65. Rb5 Kh5 66. Rc5 Bf2
67. Rd5 Ra3+ 68. Kg2 Bb6 69. g6+ Kh6 70. Rd6 h3+ 71. Kh2 Bc7 0-1

[Event "ch-FRA Blitz Online Qual"]
[Site "Europe-Chess INT"]
[Date "2020.05.16"]
[Round "10"]
[White "Duquesne, Adrien"]
[Black "Emmenecker, Pierre-Antoine"]
[Result "1-0"]
[WhiteElo "2147"]
[BlackElo "2172"]
[WhiteFideId "20650582"]
[BlackFideId "36031321"]
[EventDate "2020.05.16"]

1. d4 d5 2. c4 e6 3. Nc3 c5 4. cxd5 exd5 5. Nf3 Nc6 6. g3 Nf6 7. Bg2 Be7 8. O-O
O-O 9. Bg5 c4 10. Ne5 Be6 11. Qd2 h6 12. Bxf6 Bxf6 13. f4 Qb6 14. e3 Ne7 15. g4
Bxe5 16. fxe5 Rad8 17. h3 Qc6 18. b3 b5 19. bxc4 bxc4 20. Rf2 Rb8 21. Raf1 a5
22. Qe2 a4 23. g5 hxg5 24. Qh5 Qd7 25. Qxg5 Ng6 26. h4 Qd8 27. Qg3 Nxh4 28. e4
dxe4 29. Bxe4 g6 30. d5 Bc8 31. e6 f5 32. Bxf5 Nxf5 33. Rxf5 Ba6 34. Qxg6+ 1-0

[Event "ch-FRA Blitz Online Qual"]
[Site "Europe-Chess INT"]
[Date "2020.05.16"]
[Round "10"]
[White "Larmet, Nino"]
[Black "Emmenecker, Philippe"]
[Result "0-1"]
[WhiteElo "1818"]
[BlackElo "2100"]
[WhiteFideId "45105219"]
[BlackFideId "616273"]
[EventDate "2020.05.16"]

1. e4 e5 2. Nf3 Nc6 3. Bb5 Bc5 4. O-O Nd4 5. Nxd4 Bxd4 6. c3 Bb6 7. d4 c6 8. Bc4
d6 9. Be3 Nf6 10. Bg5 h6 11. Bh4 g5 12. Bg3 Qe7 13. dxe5 dxe5 14. Nd2 Bg4 15.
Qc2 O-O 16. Kh1 Nh5 17. f3 Nxg3+ 18. hxg3 Be6 19. Bxe6 Qxe6 20. g4 Kg7 21. Qb3
Qf6 22. Nc4 Bc5 23. Qc2 h5 24. gxh5 g4 25. g3 gxf3 26. Qd1 Rh8 27. Qxf3 Qe6 28.
Qe2 Rxh5+ 29. Qxh5 Rh8 30. Qxh8+ Kxh8 31. Kg2 Qxc4 32. Rae1 Qd3 33. Rh1+ Kg7 34.
Ref1 Qd2+ 35. Kh3 Qxb2 36. Rf5 Qxc3 37. Rhf1 Qc4 38. Rxe5 Bd6 39. Rg5+ Kf8 40.
Rgf5 Ke7 41. e5 Bc7 42. Re1 Qe6 43. Kg4 b5 44. Kg5 c5 45. Rf6 Qd5 46. Kh6 Bxe5
47. Rf5 f6 48. Kg6 Ke6 49. Rexe5+ Qxe5 50. Rxe5+ Kxe5 51. g4 c4 52. Kf7 c3 53.
g5 fxg5 54. Kg6 c2 55. Kxg5 c1=Q+ 56. Kg4 0-1

[Event "ch-FRA Blitz Online Qual"]
[Site "Europe-Chess INT"]
[Date "2020.05.16"]
[Round "10"]
[White "Kieffer, Anatole"]
[Black "Alvin, Leo"]
[Result "1-0"]
[WhiteElo "2094"]
[BlackElo "2025"]
[WhiteFideId "20650027"]
[BlackFideId "695645"]
[EventDate "2020.05.16"]

1. e4 c5 2. Nf3 g6 3. d4 cxd4 4. Nxd4 Nc6 5. Nc3 Bg7 6. Be3 Nf6 7. Be2 O-O 8.
Nb3 a5 9. a4 d6 10. O-O Nb4 11. f4 Bd7 12. Bf3 Bc6 13. Nd4 Nd7 14. Ncb5 Nc5 15.
Nxc6 bxc6 16. Nd4 Qc7 17. c3 Nba6 18. Rb1 Rab8 19. Kh1 e5 20. fxe5 dxe5 21. Ne2
Rfd8 22. Qc2 Ne6 23. Bg4 Qe7 24. Rf2 c5 25. Rbf1 f6 26. h4 c4 27. h5 Nac5 28.
hxg6 hxg6 29. Nc1 Nd3 30. Nxd3 Rxd3 31. Bc1 Rd6 32. Be2 Rc8 33. Be3 Qd7 34. b4
cxb3 35. Qxb3 Kf7 36. c4 Qc6 37. c5 Rd7 38. Bc4 Re7 39. Bd5 Qc7 40. c6 Rb8 41.
Qa2 Qd6 42. Rc2 Kf8 43. Bxe6 Rxe6 44. c7 Rc8 45. Bc5 Kf7 46. Bxd6 Bf8 47. Bxf8
Kxf8 48. Qxe6 Re8 49. Qxf6+ 1-0